000
00328nam a2200145Ia 4500
008
230718s9999 xx 000 0 und d
041
_a
Eng.
082
_a
373.4
_b
KEY-S
100
_a
Key, law
245
0
_a
Specific Relief 187
260
_a
Pakistan
_b
Key law published
_c
2010
300
_a
245
650
_a
Law
999
_c
26699
_d
26699